|
|
|
|
| LEADER |
00000nab a2200000 a 4500 |
| 001 |
vtls000259029 |
| 003 |
SK-MaSNL |
| 005 |
20260302220846.0 |
| 008 |
111130c1986 xo 0 slo |
| 015 |
|
|
|a SNBRB19rr/mm-uuuuu
|
| 035 |
|
|
|a CL0269143
|
| 040 |
|
|
|a SNKBUCL
|b slo
|c SNKBUCL
|e AACR2
|
| 041 |
0 |
|
|a slo
|
| 044 |
|
|
|a xo
|c SK
|
| 080 |
|
|
|a 796.42.093.1(437)
|2 1981
|
| 100 |
1 |
|
|a Žoldošová, Darina
|4 aut
|9 841282
|
| 245 |
1 |
0 |
|a Obrana kráľovnej
|b Na ovále i v sektoroch na majstrovstvách ČSSR v atletike nové tváre
|c Darina Žoldošová
|
| 300 |
|
|
|b Obr. 9.
|
| 650 |
0 |
7 |
|a atletika ľahká
|2 snkbucl
|9 899308
|
| 651 |
|
7 |
|a 5100
|2 snkbucl
|9 166206
|
| 655 |
|
7 |
|a články z novín a časopisov
|2 snkbucl
|9 267496
|
| 773 |
0 |
|
|t Štart
|g Roč. 31, č. 30 (1986), s. 6-7
|
| 850 |
|
|
|a Slovenská národná knižnica v Martine
|a MTA001
|
| 852 |
|
|
|a SNK
|b KIS3GCP
|
| 958 |
|
|
|a RK
|
| 992 |
|
|
|a RBX
|
| 999 |
|
|
|c 1509012
|d 1510942
|